Bình Thuận: Kết quả 10 năm thực hiện chương trình giảm nghèo

保存先:
書誌詳細
第一著者: Phượng Hồng
フォーマット: 図書
言語:Undetermined
主題:
オンライン・アクセス:http://lrc.tdmu.edu.vn/opac/search/detail.asp?aID=2&ID=26539
タグ: タグ追加
タグなし, このレコードへの初めてのタグを付けませんか!
Thư viện lưu trữ: Trung tâm Học liệu Trường Đại học Thủ Dầu Một
LEADER 00641nam a2200145Ia 4500
001 TDMU_26539
008 210410s9999 xx 000 0 und d
082 |a 363.11 
100 |a Phượng Hồng 
245 0 |a Bình Thuận: Kết quả 10 năm thực hiện chương trình giảm nghèo 
245 0 |c Phượng Hồng 
300 |a Tr.29-30 
650 |a Chính trị xã hội; Chương trình giảm nghèo; Bình Thuận; Kết quả 10 năm thực hiện 
856 |u http://lrc.tdmu.edu.vn/opac/search/detail.asp?aID=2&ID=26539 
980 |a Trung tâm Học liệu Trường Đại học Thủ Dầu Một